000 00390 a2200133 4500
020 _a080166764X
050 _aRT84.5
_b.N87 1994
245 _aNursing theorists and their work /
_cAnn Marriner-Tomey.
250 _a3rd ed.
260 _aSt. Louis :
_bMosby,
_c♭1994.
300 _axiv, 530 p :
_bill. ;
_c24 cm.
504 _aIncludes bibliographical reference and index.
942 _2lcc
_cBK
_n0
999 _c3018
_d3018